000 00458nam a2200181Ia 4500
005 20221031101925.0
008 131103s9999 xx 000 0 und d
040 _aLoreto College
041 _aEnglish
082 _a100
_bNAT
245 _aPhilosophical studies
260 _aDublin
_bThe National University of Ireland
_c[19-]
300 _a392p
650 _aNational University of Ireland
651 _aPhilosophy
850 _aLCLIB
942 _cBK
999 _c18275
_d68754